| 000 | 00586nam a2200121Ia 4500 | ||
|---|---|---|---|
| 008 | 220620s9999||||xx |||||||||||||| ||und|| | ||
| 100 | _aPineda Olivieri, Jesús Humberto | ||
| 245 | 4 |
_aThe Transformational Potential of Higher Education Inclusion _bBiographical Trajectories of Students from Disadvantaged Environments in Venezuela |
|
| 546 | _aEnglish[eng] | ||
| 650 | _ainclusion||higher education||Venezuela | ||
| 856 | _uhttps://library.oapen.org/bitstream/20.500.12657/37155/1/pineda_diss.pdf||https://library.oapen.org/bitstream/20.500.12657/37155/1/pineda_diss.pdf | ||
| 942 | _cEB | ||
| 999 |
_c28427 _d28427 |
||